000 01223cam a22003497a 4500
003 CHAP
005 20220329142652.0
008 020906d2001 es a r 00110 spa d
010 _a86259
011 _a87231
020 _a8425212880
035 _a97774
040 _cCHAP
082 0 4 _a581.5
_bT4
100 0 0 _aTerradas, Jaume.
_9112387
245 1 0 _aEcología de la vegetación:
_bde la ecofisiología de las plantas a la dinámica de comunidades y paisajes
_c/por Jaume Terradas
260 _aBarcelona, Esp.:
_bOmega,
_c2001.
300 _a703 p. ;
_bilus. ; gráfs.
590 _aBATCH-UPD
_b10
_c20130110
_lUCH01
_h0746
590 _aBATCH-UPD
_b10
_c20130410
_lUCH01
_h0427
590 _aBATCH-UPD
_b10
_c20130914
_lUCH01
_h1251
590 _aCONVERSION
_b10
_c20130109
_lUCH01
_h1348
650 1 4 _aEcología vegetal.
_935188
650 1 4 _aFisiología vegetal.
_941136
650 1 4 _aPaisaje.
_984761
650 1 4 _aRelación atmósfera-suelo-planta.
_995826
901 _aBK
905 _aMayto Villallobos S.
942 _cLIBRO
949 _a581.5 T4
_bBC
_cLIBRO
_d33724000876108
_eLIBRO
_h102964
_i97774
_si
_t$825.00
949 _a581.5 T4
_bBC
_cLIBRO
_d33724002070314
_eLIBRO
_fc.2
_gI.23994
_h109863
_i97774
_so
_t$1036.75
999 _c86259
_d86259